000 00551nam a2200229Ia 4500
003 OSt
005 20220918203053.0
006 a|||||r|||| 00| 0
007 ta
008 220917b |||||||| |||| 00| 0 eng d
024 _a105,802
037 _cTextual
040 _aARTS
_cARTS
_beng
041 _2eng
_aeng
082 _aV3:23:N5, J41
100 _aKeeton G W
_999801
245 0 _aPassing of Parliament
260 _c1954
650 _aHISTORY
942 _hV3:23:N5, J41
_cTEXL
_2CC
999 _c229161
_d229161